[Event "Titled Tuesday intern op 24th Oct Late"]
[Site "Chess.com INT"]
[Date "2023.10.24"]
[Round "6"]
[White "Dimitrijevic, Darko"]
[Black "Rose, Felix"]
[Result "0-1"]
[WhiteElo "2167"]
[BlackElo "2091"]
[PlyCount "68"]
[EventDate "2023.10.24"]
[EventType "swiss (blitz)"]
[EventRounds "11"]
[EventCountry "USA"]
[SourceTitle "Mega2024 Update 01"]
[Source "Chessbase"]
[SourceDate "2023.11.12"]
[SourceVersion "1"]
[SourceVersionDate "2023.11.12"]
[SourceQuality "1"]

1. c4 e6 2. Nc3 d5 3. d4 Nf6 4. Nf3 Be7 5. Bg5 Nbd7 6. e3 h6 7. Bxf6 Nxf6 8. Be2 0-0 9. 0-0 c5 10. dxc5 dxc4 11. Bxc4 Bxc5 12. Qe2 Qe7 13. e4 Rd8 14. Rad1 a6 15. e5 Nd7 16. Ne4 b5 17. Bb3 Bb7 18. Rd3 Bb6 19. Rfd1 Bxe4 20. Qxe4 Nc5 21. Rxd8+ Rxd8 22. Qc2 Rxd1+ 23. Qxd1 Nxb3 24. axb3 Qc5 25. Qd2 a5 26. g3 g6 27. Kg2 Kg7 28. h4 b4 29. Qe2 Qc6 30. Qd3 Qc5 31. Qe2 Qd5 32. Qc2 Bd4 33. h5 g5 34. Qe2 g4 0-1

[Event "Brasilia CBX/FBX"]
[Site "Brasilia"]
[Date "2016.11.01"]
[Round "9"]
[White "Dimitrijevic, Darko"]
[Black "Delgado Ramirez, Neuris"]
[Result "0-1"]
[WhiteElo "2237"]
[BlackElo "2611"]
[PlyCount "68"]
[EventDate "2016.10.26"]
[EventType "tourn"]
[EventRounds "9"]
[EventCountry "BRA"]
[EventCategory "2"]
[SourceTitle "CBM 175 Extra"]
[Source "ChessBase"]
[SourceDate "2016.12.12"]
[SourceVersion "1"]
[SourceVersionDate "2016.12.12"]
[SourceQuality "1"]

1. e4 c5 2. b3 g6 3. Bb2 Nf6 4. g3 Bg7 5. Bg2 0-0 6. Ne2 Nc6 7. 0-0 d6 8. d4 Nd7 9. c3 Qc7 10. Qd2 b5 11. d5 Na5 12. Na3 Rb8 13. Nc2 Nb6 14. Ne3 Bd7 15. Rab1 c4 16. b4 Nb7 17. Nd4 a5 18. a3 Ra8 19. h4 axb4 20. axb4 Ra2 21. Ra1 Rfa8 22. Rfb1 Qc8 23. Kh2 Nd8 24. Nec2 f6 25. Rxa2 Rxa2 26. Qe1 Nf7 27. f4 Nh6 28. Bc1 f5 29. Ra1 Rxa1 30. Nxa1 Bxd4 31. cxd4 fxe4 32. Qxe4 Kf7 33. Kg1 Qa8 34. Qb1 Bf5 0-1

[Event "Brasilia CBX/FBX"]
[Site "Brasilia"]
[Date "2016.10.29"]
[Round "4"]
[White "Dimitrijevic, Darko"]
[Black "Lucena, Lincoln"]
[Result "1/2-1/2"]
[WhiteElo "2237"]
[BlackElo "2127"]
[PlyCount "130"]
[EventDate "2016.10.26"]
[EventType "tourn"]
[EventRounds "9"]
[EventCountry "BRA"]
[EventCategory "2"]
[SourceTitle "CBM 175 Extra"]
[Source "ChessBase"]
[SourceDate "2016.12.12"]
[SourceVersion "1"]
[SourceVersionDate "2016.12.12"]
[SourceQuality "1"]

1. c4 Nf6 2. g3 e6 3. Bg2 d5 4. b3 Be7 5. Nf3 Nbd7 6. Bb2 0-0 7. 0-0 c6 8. Qc2 b6 9. d3 Bb7 10. e4 Rc8 11. e5 Ne8 12. Qe2 b5 13. Nbd2 Qa5 14. cxb5 cxb5 15. a3 Nc7 16. Nd4 b4 17. a4 Nc5 18. f4 g6 19. N2f3 Ne8 20. Kh1 Ng7 21. g4 Ba6 22. Ne1 Ne4 23. Bxe4 dxe4 24. Qxe4 Qb6 25. Ndf3 Bb7 26. Qe2 h5 27. h3 Rfd8 28. d4 Rc3 29. Bxc3 bxc3 30. Kh2 Ba6 31. Nd3 Qxb3 32. Nc5 Bxe2 33. Nxb3 Bxf1 34. Rxf1 Rb8 35. Nc5 Rb2+ 36. Kg3 Bxc5 37. dxc5 Rb4 38. Rc1 Rc4 39. Kf2 Ne8 40. Ke3 Nc7 41. Nd4 Nd5+ 42. Kd3 Rxc5 43. Ne2 c2 44. Kd4 Rc7 45. gxh5 Nb4 46. Nc3 gxh5 47. Nb5 Rd7+ 48. Nd6 Kf8 49. a5 Rc7 50. Nb5 Na2 51. Nxc7 Nxc1 52. Kc3 Nb3 53. Kxc2 Nxa5 54. Kc3 Ke7 55. Kb4 Kd7 56. Nb5 Nc6+ 57. Kc5 h4 58. Nd6 Nd8 59. f5 exf5 60. Nxf5 Ke6 61. Nxh4 Kxe5 62. Ng2 f5 63. h4 f4 64. h5 Ke4 65. Nxf4 Kxf4 1/2-1/2

[Event "Brasilia CBX/FBX"]
[Site "Brasilia"]
[Date "2016.10.26"]
[Round "1"]
[White "Nascimento, Davi da Silva"]
[Black "Dimitrijevic, Darko"]
[Result "1-0"]
[WhiteElo "2117"]
[BlackElo "2237"]
[PlyCount "111"]
[EventDate "2016.10.26"]
[EventType "tourn"]
[EventRounds "9"]
[EventCountry "BRA"]
[EventCategory "2"]
[SourceTitle "CBM 175 Extra"]
[Source "ChessBase"]
[SourceDate "2016.12.12"]
[SourceVersion "1"]
[SourceVersionDate "2016.12.12"]
[SourceQuality "1"]

1. d4 f5 2. c4 Nf6 3. Nc3 c6 4. g3 d5 5. cxd5 cxd5 6. Bg2 e6 7. Nf3 Nc6 8. 0-0 Be7 9. Bf4 0-0 10. h3 Ne4 11. Ne5 Nxc3 12. bxc3 Nxe5 13. Bxe5 b6 14. c4 Ba6 15. cxd5 exd5 16. f4 Bc4 17. Bf3 b5 18. Rf2 Qa5 19. g4 fxg4 20. Bxg4 Bf6 21. e3 Rae8 22. Qc1 Qb6 23. Qd2 a5 24. Kh2 Rf7 25. Rg1 Kh8 26. Rfg2 b4 27. Bh5 Ref8 28. Bxf7 Rxf7 29. Bxf6 Qxf6 30. Rg5 Qd6 31. Re5 g6 32. Rg2 a4 33. Qf2 Bd3 34. Qh4 Be4 35. Qh6 Qc6 36. Rg1 Rg7 37. Re7 Qf6 38. Qxg7+ Qxg7 39. Rxg7 Kxg7 40. Rc1 b3 41. Rc7+ Kf6 42. axb3 axb3 43. Rb7 Bc2 44. Kg3 Kf5 45. Kf2 g5 46. fxg5 Kxg5 47. Ke2 Kh4 48. Kd2 Kxh3 49. Rb5 Be4 50. Rxb3 Kg2 51. Rb7 h5 52. Rg7+ Kf2 53. Rf7+ Bf3 54. Rh7 Kg3 55. e4 Bg4 56. exd5 1-0

[Event "Goiania Goias Cup"]
[Site "Goiania"]
[Date "2015.09.27"]
[Round "5"]
[White "Juliani, Sidney"]
[Black "Dimitrijevic, Darko"]
[Result "0-1"]
[WhiteElo "1856"]
[BlackElo "2262"]
[PlyCount "76"]
[EventDate "2015.09.25"]
[EventType "swiss"]
[EventRounds "6"]
[EventCountry "BRA"]
[SourceTitle "EXT 2016"]
[Source "ChessBase"]
[SourceDate "2015.10.08"]
[SourceVersion "1"]
[SourceVersionDate "2015.10.08"]
[SourceQuality "1"]

1. e4 c5 2. Nc3 e6 3. d3 d5 4. Bd2 Nc6 5. g3 g6 6. Bg2 d4 7. Nce2 Bg7 8. Nh3 h5 9. 0-0 Nf6 10. Bg5 Qb6 11. Qc1 e5 12. Bxf6 Bxf6 13. f4 h4 14. fxe5 Bxe5 15. Nhf4 hxg3 16. hxg3 Ne7 17. c3 Bg4 18. Bf3 Bxf3 19. Rxf3 g5 20. Ng2 f6 21. Ne1 Qe6 22. Rf2 Qh3 23. Rg2 Qg4 24. Kf2 Rh1 25. Qd2 0-0-0 26. cxd4 cxd4 27. Rc1+ Nc6 28. Nf3 Rxc1 29. Qxc1 Bc7 30. Qc5 Ne5 31. Nxe5 fxe5 32. Rg1 Qe6 33. Rc1 Qf7+ 34. Ke1 Kb8 35. Kd2 Bd6 36. Qc4 Qf2 37. a3 Qe3+ 38. Ke1 Rh8 0-1

[Event "Goiania Goias Cup"]
[Site "Goiania"]
[Date "2015.09.26"]
[Round "3"]
[White "Froes, Leonardo Sanches"]
[Black "Dimitrijevic, Darko"]
[Result "1/2-1/2"]
[WhiteElo "1989"]
[BlackElo "2262"]
[PlyCount "80"]
[EventDate "2015.09.25"]
[EventType "swiss"]
[EventRounds "6"]
[EventCountry "BRA"]
[SourceTitle "EXT 2016"]
[Source "ChessBase"]
[SourceDate "2015.10.08"]
[SourceVersion "1"]
[SourceVersionDate "2015.10.08"]
[SourceQuality "1"]

1. d4 d6 2. c4 Nf6 3. Nc3 c6 4. e4 Qa5 5. Bd3 e5 6. Nge2 Be7 7. 0-0 0-0 8. h3 Nbd7 9. a3 exd4 10. Nxd4 Ne5 11. Be2 Rd8 12. b4 Qc7 13. Qb3 h6 14. Be3 Bf8 15. Rfd1 Bd7 16. Rd2 a6 17. f4 Ng6 18. Rad1 b5 19. Rc2 Qb7 20. Bd3 Rab8 21. cxb5 axb5 22. e5 Nd5 23. Nxd5 cxd5 24. e6 Be8 25. Bxg6 fxg6 26. Rdc1 Rdc8 27. Rxc8 Rxc8 28. Rxc8 Qxc8 29. Qxd5 Be7 30. Kh2 Qa6 31. Bc1 Kh7 32. Bb2 Bf6 33. Kg3 Qb6 34. Qa8 Bxd4 35. Bxd4 Qxd4 36. Qxe8 Qe3+ 37. Kh2 Qxf4+ 38. Kh1 Qf1+ 39. Kh2 Qf4+ 40. Kh1 Qf1+ 1/2-1/2

[Event "Goiania Goias Cup"]
[Site "Goiania"]
[Date "2015.09.25"]
[Round "2"]
[White "Dimitrijevic, Darko"]
[Black "Santos, Luciano da Silva"]
[Result "1-0"]
[WhiteElo "2262"]
[BlackElo "1895"]
[PlyCount "81"]
[EventDate "2015.09.25"]
[EventType "swiss"]
[EventRounds "6"]
[EventCountry "BRA"]
[SourceTitle "EXT 2016"]
[Source "ChessBase"]
[SourceDate "2015.10.08"]
[SourceVersion "1"]
[SourceVersionDate "2015.10.08"]
[SourceQuality "1"]

1. g3 f5 2. c4 Nf6 3. Nc3 e6 4. Qa4 c6 5. Nf3 d5 6. e3 Bd6 7. d4 0-0 8. c5 Bc7 9. b4 Nbd7 10. b5 cxb5 11. Nxb5 Ba5+ 12. Bd2 Bxd2+ 13. Nxd2 a6 14. Nd6 Ne8 15. Nxe8 Qxe8 16. Rc1 Nf6 17. Qb4 Qc6 18. Nf3 Nd7 19. Qa3 Rb8 20. Rc3 h6 21. h4 Qc7 22. Be2 Kh8 23. 0-0 Rg8 24. Rfc1 Nf6 25. Ne5 Ne4 26. Rb3 Bd7 27. Rb6 Bc6 28. h5 Nf6 29. Rcb1 Nd7 30. Nxc6 bxc6 31. Rxb8 Rxb8 32. Rxb8+ Nxb8 33. Qd3 Qb7 34. g4 Qf7 35. Qb3 Qf8 36. gxf5 exf5 37. Qb7 a5 38. a4 f4 39. exf4 Qe8 40. Bd3 Qd8 41. Bf5 1-0

[Event "Goiania Goias Cup"]
[Site "Goiania"]
[Date "2015.09.25"]
[Round "1"]
[White "Rocha, Wesley Rodrigues"]
[Black "Dimitrijevic, Darko"]
[Result "0-1"]
[WhiteElo "1688"]
[BlackElo "2262"]
[PlyCount "64"]
[EventDate "2015.09.25"]
[EventType "swiss"]
[EventRounds "6"]
[EventCountry "BRA"]
[SourceTitle "EXT 2016"]
[Source "ChessBase"]
[SourceDate "2015.10.08"]
[SourceVersion "1"]
[SourceVersionDate "2015.10.08"]
[SourceQuality "1"]

1. d4 Nf6 2. Nf3 b6 3. g3 Bb7 4. Bg2 e6 5. 0-0 c5 6. Bg5 d6 7. dxc5 bxc5 8. c4 Be7 9. Nc3 0-0 10. Qc2 a6 11. Rad1 Qc7 12. a3 Nc6 13. Rd2 Rab8 14. Rfd1 Rfd8 15. Bxf6 Bxf6 16. Ne4 Be7 17. Neg5 g6 18. Rd3 h6 19. Nh3 g5 20. Ne1 Nd4 21. Qd2 Bxg2 22. Nxg2 Bf6 23. Kf1 Nb3 24. Qc2 Nd4 25. Qd2 Nc6 26. Rxd6 Bxb2 27. Rd3 Rxd3 28. exd3 Bxa3 29. Qa2 Qa5 30. Ra1 Qc3 31. Ne1 Rb3 32. Ng1 Nb4 0-1

[Event "CRO-chT Cup 22nd"]
[Site "Bol"]
[Date "2013.05.23"]
[Round "3.101"]
[White "Dimitrijevic, Darko"]
[Black "Goric, Esad"]
[Result "1/2-1/2"]
[WhiteElo "2258"]
[BlackElo "2349"]
[PlyCount "94"]
[EventDate "2013.05.22"]
[EventType "team"]
[EventRounds "6"]
[EventCountry "CRO"]
[SourceTitle "CBM 154 Extra"]
[Source "ChessBase"]
[SourceDate "2013.06.25"]
[SourceVersion "2"]
[SourceVersionDate "2013.06.25"]
[SourceQuality "1"]
[WhiteTeam "Pula"]
[BlackTeam "Vinkovci"]
[WhiteTeamCountry "CRO"]
[BlackTeamCountry "CRO"]

1. d4 Nf6 2. Nf3 d6 3. Nc3 Nbd7 4. Bf4 Nh5 5. Bg5 h6 6. Bh4 g5 7. Bg3 Bg7 8. e4 Nxg3 9. hxg3 e5 10. dxe5 Nxe5 11. Nd4 Nc6 12. Bb5 Bd7 13. Bxc6 bxc6 14. Qd3 Qf6 15. Nf5 Bxf5 16. exf5 d5 17. 0-0-0 0-0 18. Na4 Rab8 19. c3 Rb5 20. g4 Rfb8 21. Rh3 Ra5 22. Qc2 Qd6 23. Rf3 Bf6 24. b4 Rab5 25. Nc5 Rxc5 26. bxc5 Qxc5 27. Kd2 d4 28. cxd4 Qxd4+ 29. Ke1 Qxg4 30. Kf1 Rb2 31. Qxc6 Kg7 32. a3 Qh5 33. Kg1 g4 34. Rfd3 Qxf5 35. R3d2 Rb3 36. Rd5 Qf4 37. Qc1 Qe4 38. Qxc7 Rxa3 39. Rd7 Kg6 40. Rxf7 Rd3 41. Rc1 Be5 42. Qe7 Qd5 43. g3 Rxg3+ 44. fxg3 Bd4+ 45. Kh2 Qa2+ 46. Kh1 Qd5+ 47. Kh2 Qa2+ 1/2-1/2

[Event "CRO-chT Cup 22nd"]
[Site "Bol"]
[Date "2013.05.23"]
[Round "2.91"]
[White "Videnova, Iva"]
[Black "Dimitrijevic, Darko"]
[Result "1/2-1/2"]
[WhiteElo "2316"]
[BlackElo "2258"]
[PlyCount "78"]
[EventDate "2013.05.22"]
[EventType "team"]
[EventRounds "6"]
[EventCountry "CRO"]
[SourceTitle "CBM 154 Extra"]
[Source "ChessBase"]
[SourceDate "2013.06.25"]
[SourceVersion "2"]
[SourceVersionDate "2013.06.25"]
[SourceQuality "1"]
[WhiteTeam "Rijeka Liburnija (W)"]
[BlackTeam "Pula"]
[WhiteTeamCountry "CRO"]
[BlackTeamCountry "CRO"]

1. e4 d6 2. d4 Nf6 3. Nc3 c6 4. f4 Qa5 5. Bd3 e5 6. Nf3 Nbd7 7. 0-0 Be7 8. Kh1 0-0 9. a3 Re8 10. Ne2 Bf8 11. Ng3 exd4 12. Nxd4 a6 13. b4 Qc7 14. Bb2 c5 15. Nf3 c4 16. e5 c3 17. Bxc3 Qxc3 18. exf6 Nxf6 19. Ng5 d5 20. Qf3 Qc6 21. Nh5 h6 22. Nxf6+ Qxf6 23. Nh7 Qc6 24. Nxf8 Kxf8 25. Rad1 Bd7 26. h3 Rac8 27. Rf2 Re7 28. Bf1 Qb6 29. Rfd2 Re3 30. Qf2 Rcc3 31. Kg1 Bc6 32. Rd3 Rexd3 33. Qxb6 Rxd1 34. Qd8+ Be8 35. Qd6+ Kg8 36. Qd8 Kf8 37. Qd6+ Kg8 38. Qd8 Kf8 39. Qd6+ Kg8 1/2-1/2

[Event "British Columbia op"]
[Site "Richmond"]
[Date "2013.02.11"]
[Round "4"]
[White "Bates, Darren"]
[Black "Dimitrijevic, Darko"]
[Result "0-1"]
[WhiteElo "1817"]
[BlackElo "2027"]
[PlyCount "120"]
[EventDate "2013.02.09"]
[EventType "swiss"]
[EventRounds "5"]
[EventCountry "CAN"]
[SourceTitle "EXT 2014"]
[Source "ChessBase"]
[SourceDate "2013.11.20"]
[SourceVersion "1"]
[SourceVersionDate "2013.11.20"]
[SourceQuality "1"]

1. e4 c5 2. Nf3 e6 3. d4 cxd4 4. Nxd4 a6 5. Bd3 Qc7 6. 0-0 Nf6 7. Kh1 h5 8. f4 Bc5 9. c3 d6 10. e5 Ng4 11. b4 Bxd4 12. cxd4 Nc6 13. Be2 f5 14. exf6 Nxf6 15. a3 Qf7 16. Nc3 0-0 17. d5 exd5 18. Bf3 Bg4 19. Bxd5 Nxd5 20. Qxd5 Rad8 21. Qxf7+ Rxf7 22. Nd5 Be6 23. Ne3 d5 24. f5 Bc8 25. f6 d4 26. Nc4 Be6 27. Na5 Ne5 28. Bg5 Rdf8 29. h4 Ng4 30. Rfe1 gxf6 31. Bh6 Re8 32. Bf4 Nf2+ 33. Kh2 Nd3 34. Rf1 Bd5 35. Rad1 Nxf4 36. Rxf4 Rg7 37. Rd2 Re4 38. Rxe4 Bxe4 39. Rxd4 Bxg2 40. Nc4 Bc6 41. Rd6 Kf7 42. Na5 Ke7 43. Rd2 Be4 44. Re2 f5 45. Nxb7 Kf6 46. Nc5 Ke5 47. Nxa6 Rg4 48. Kh3 Kf4 49. Rf2+ Ke3 50. Rb2 f4 51. Nc5 Bf5 52. Kh2 Rxh4+ 53. Kg1 Rg4+ 54. Kf1 f3 55. Rb3+ Kf4 56. b5 Rg8 57. b6 Bh3+ 58. Ke1 Re8+ 59. Kf2 Re2+ 60. Kg1 f2+ 0-1

[Event "British Columbia op"]
[Site "Richmond"]
[Date "2013.02.11"]
[Round "5"]
[White "Dimitrijevic, Darko"]
[Black "Chan, James"]
[Result "0-1"]
[WhiteElo "2027"]
[BlackElo "2160"]
[PlyCount "64"]
[EventDate "2013.02.09"]
[EventType "swiss"]
[EventRounds "5"]
[EventCountry "CAN"]
[SourceTitle "EXT 2014"]
[Source "ChessBase"]
[SourceDate "2013.11.20"]
[SourceVersion "1"]
[SourceVersionDate "2013.11.20"]
[SourceQuality "1"]

1. e4 e5 2. Nc3 Nf6 3. g3 Bc5 4. Bg2 c6 5. Na4 Be7 6. d4 d6 7. Ne2 Bg4 8. f3 Be6 9. b3 Qa5+ 10. Bd2 Qc7 11. 0-0 h5 12. c4 h4 13. Be3 hxg3 14. hxg3 Bh3 15. Bxh3 Rxh3 16. Kg2 Rh8 17. Rh1 Rg8 18. g4 g6 19. Ng3 c5 20. dxe5 dxe5 21. Nc3 Nc6 22. g5 Nd7 23. Nb5 Qb8 24. Qd2 a6 25. Nc3 Qd6 26. Nd5 0-0-0 27. a3 Nd4 28. Rab1 Rh8 29. b4 Rxh1 30. Rxh1 Qe6 31. Ne2 Nb6 32. Qc1 Nxe2 0-1

[Event "British Columbia op"]
[Site "Richmond"]
[Date "2013.02.10"]
[Round "3"]
[White "Dimitrijevic, Darko"]
[Black "Gedajlovic, Max"]
[Result "1-0"]
[WhiteElo "2027"]
[BlackElo "1789"]
[PlyCount "81"]
[EventDate "2013.02.09"]
[EventType "swiss"]
[EventRounds "5"]
[EventCountry "CAN"]
[SourceTitle "EXT 2014"]
[Source "ChessBase"]
[SourceDate "2013.11.20"]
[SourceVersion "1"]
[SourceVersionDate "2013.11.20"]
[SourceQuality "1"]

1. e4 c5 2. c3 g6 3. Bc4 Bg7 4. Nf3 e6 5. Qe2 Ne7 6. d3 0-0 7. Bg5 Nbc6 8. a4 Qc7 9. 0-0 d5 10. Ba2 b6 11. Na3 a6 12. Rac1 dxe4 13. dxe4 Bb7 14. Qe3 Rfd8 15. Bh6 Ne5 16. Bf4 Nxf3+ 17. gxf3 Qd7 18. Bb3 e5 19. Bg5 h6 20. Rcd1 Qc7 21. Bxh6 Bxh6 22. Qxh6 Rd6 23. Qg5 Rxd1 24. Rxd1 Kg7 25. Qd2 Bc6 26. Qd6 Qxd6 27. Rxd6 b5 28. Bd5 Bxd5 29. exd5 b4 30. Nc4 Rb8 31. Nxe5 bxc3 32. bxc3 Rb1+ 33. Kg2 Rd1 34. c4 Nf5 35. Rd7 Nh4+ 36. Kh3 g5 37. Rxf7+ Kh6 38. f4 a5 39. fxg5+ Kxg5 40. f4+ Kh6 41. Kxh4 1-0

[Event "CRO-Cup 20th"]
[Site "Sibenik"]
[Date "2011.05.18"]
[Round "1.112"]
[White "Dimitrijevic, Darko"]
[Black "Katavic, Borivoj"]
[Result "1-0"]
[WhiteElo "2243"]
[BlackElo "2212"]
[PlyCount "105"]
[EventDate "2011.05.18"]
[EventType "team-swiss"]
[EventRounds "6"]
[EventCountry "CRO"]
[SourceTitle "CBM 142 Extra"]
[Source "ChessBase"]
[SourceDate "2011.06.27"]
[SourceVersion "1"]
[SourceVersionDate "2011.06.27"]
[SourceQuality "1"]
[WhiteTeam "Pula"]
[BlackTeam "Split"]
[WhiteTeamCountry "CRO"]
[BlackTeamCountry "CRO"]

1. c4 f5 2. d4 Nf6 3. Nc3 g6 4. Bf4 Bg7 5. Qd2 c6 6. 0-0-0 d6 7. f3 Qa5 8. e4 fxe4 9. fxe4 e5 10. dxe5 dxe5 11. Bh6 0-0 12. Nf3 Be6 13. Bxg7 Kxg7 14. Qd6 Bg4 15. Qe7+ Rf7 16. Qxe5 Qxe5 17. Nxe5 Bxd1 18. Nxf7 Kxf7 19. Kxd1 Nbd7 20. Kd2 Ke6 21. Be2 Ke5 22. Ke3 Nc5 23. Rd1 a5 24. Bf3 a4 25. Rd2 Ne8 26. Nb5 Rc8 27. Bg4 Rb8 28. Nd4 Kf6 29. Rf2+ Ke7 30. e5 Rd8 31. g3 Nc7 32. Rf6 Ne8 33. Rxc6 Nd7 34. Ke4 Nef6+ 35. Rxf6 Nxf6+ 36. exf6+ Kxf6 37. c5 h5 38. Be6 g5 39. b4 axb3 40. axb3 h4 41. b4 Ra8 42. gxh4 gxh4 43. b5 Ra1 44. Bc8 Re1+ 45. Kd5 Re5+ 46. Kd6 Re4 47. Nf3 Re7 48. Nxh4 Rg7 49. Nf3 Rh7 50. h4 Rg7 51. Ne5 Rh7 52. Nd7+ Kg6 53. Nf8+ 1-0

[Event "CRO-chT1B 19th"]
[Site "Sibenik"]
[Date "2010.09.07"]
[Round "4"]
[White "Dimitrijevic, Darko"]
[Black "Bilobrk, Franjo"]
[Result "0-1"]
[WhiteElo "2262"]
[BlackElo "2368"]
[PlyCount "38"]
[EventDate "2010.09.04"]
[EventType "team-tourn"]
[EventRounds "9"]
[EventCountry "CRO"]
[SourceTitle "CBM 138 Extra"]
[Source "ChessBase"]
[SourceDate "2010.10.29"]
[SourceVersion "1"]
[SourceVersionDate "2010.10.29"]
[SourceQuality "1"]

1. c4 Nf6 2. Nc3 e6 3. Nf3 d5 4. d4 c6 5. cxd5 exd5 6. Qc2 g6 7. Bg5 Be7 8. e3 Bf5 9. Bd3 Bxd3 10. Qxd3 Nbd7 11. 0-0 0-0 12. Rab1 a5 13. Rfc1 Re8 14. Bxf6 Nxf6 15. a3 Bd6 16. Qc2 Qe7 17. g3 Ng4 18. Kg2 f5 19. Ne2 Nxf2 0-1

[Event "CRO-chT1B 19th"]
[Site "Sibenik"]
[Date "2010.09.05"]
[Round "2"]
[White "Dimitrijevic, Darko"]
[Black "Filipovic, Marko"]
[Result "1-0"]
[WhiteElo "2262"]
[BlackElo "2351"]
[PlyCount "129"]
[EventDate "2010.09.04"]
[EventType "team-tourn"]
[EventRounds "9"]
[EventCountry "CRO"]
[SourceTitle "CBM 138 Extra"]
[Source "ChessBase"]
[SourceDate "2010.10.29"]
[SourceVersion "1"]
[SourceVersionDate "2010.10.29"]
[SourceQuality "1"]

1. e4 c5 2. b3 Nf6 3. e5 Nd5 4. Bb2 Nc6 5. Nf3 e6 6. g3 Be7 7. Bg2 0-0 8. 0-0 d6 9. exd6 Qxd6 10. Na3 Bf6 11. Nc4 Qc7 12. d4 Rd8 13. c3 cxd4 14. cxd4 Bd7 15. Qe2 Be8 16. Rfd1 Rac8 17. h4 h6 18. h5 Nb6 19. Ne3 Nb4 20. a3 N4d5 21. Ng4 Be7 22. Rac1 Qb8 23. Nfe5 Rxc1 24. Rxc1 Rc8 25. Nc4 Bf8 26. Bf1 Nd7 27. Re1 N7f6 28. Nge5 b5 29. Na5 Qb6 30. b4 Nc3 31. Qc2 Qc7 32. Rc1 Ncd5 33. Qe2 Qb8 34. Nec6 Qb6 35. Qxb5 Nxh5 36. Qc4 Bd7 37. Rc2 Nxg3 38. Bg2 Nf5 39. Bxd5 exd5 40. Qxd5 Be6 41. Qf3 Bd7 42. d5 Re8 43. Rc1 Nh4 44. Qg3 Re4 45. Nc4 Qb5 46. Nd6 Qxd5 47. Nxe4 Qxe4 48. Nd4 Be6 49. f3 Qe3+ 50. Qf2 Qg5+ 51. Kf1 Bd5 52. Rc8 Nf5 53. Nxf5 Qxf5 54. Qc5 Qb1+ 55. Bc1 Qd3+ 56. Ke1 Bxf3 57. Rxf8+ Kh7 58. Qe3 Qc4 59. Bb2 Qh4+ 60. Kd2 Qh2+ 61. Kc3 Qc7+ 62. Qc5 Qd7 63. b5 Be4 64. Kb4 Qd2+ 65. Bc3 1-0

[Event "Pula op 24th"]
[Site "Pula"]
[Date "2010.06.24"]
[Round "7"]
[White "Berke, Ana"]
[Black "Dimitrijevic, Darko"]
[Result "1-0"]
[WhiteElo "2140"]
[BlackElo "2299"]
[PlyCount "39"]
[EventDate "2010.06.19"]
[EventType "swiss"]
[EventRounds "9"]
[EventCountry "CRO"]
[SourceTitle "CBM 137 Extra"]
[Source "ChessBase"]
[SourceDate "2010.09.01"]
[SourceVersion "1"]
[SourceVersionDate "2010.09.01"]
[SourceQuality "1"]

1. e4 d6 2. d4 Nf6 3. Nc3 c6 4. Nf3 Bg4 5. Be2 d5 6. exd5 Bxf3 7. Bxf3 cxd5 8. Qe2 a6 9. Bg5 Nbd7 10. 0-0 Nb6 11. a4 Rc8 12. Bxf6 gxf6 13. a5 Rxc3 14. bxc3 Nc4 15. Rfe1 e6 16. Bh5 Ke7 17. Bxf7 Kxf7 18. Qxe6+ Kg6 19. Rab1 Nxa5 20. Re5 1-0

[Event "EU-ch 11th"]
[Site "Rijeka"]
[Date "2010.03.14"]
[Round "8"]
[White "Dimitrijevic, Darko"]
[Black "Piro, Valerio"]
[Result "1-0"]
[WhiteElo "2272"]
[BlackElo "2067"]
[PlyCount "99"]
[EventDate "2010.03.06"]
[EventType "swiss"]
[EventRounds "11"]
[EventCountry "CRO"]
[SourceTitle "CBM 136"]
[Source "ChessBase"]
[SourceDate "2010.05.18"]
[SourceVersion "1"]
[SourceVersionDate "2010.05.18"]
[SourceQuality "1"]

1. c4 c6 2. b3 d5 3. Bb2 Nf6 4. g3 Bg4 5. Bg2 Nbd7 6. Nf3 e6 7. 0-0 Bd6 8. Nc3 0-0 9. d3 Qe7 10. Qc2 Ba3 11. e4 Bxb2 12. Qxb2 Bxf3 13. Bxf3 Ne5 14. Be2 d4 15. Nd1 c5 16. f4 Nc6 17. e5 Nd7 18. Nf2 f6 19. exf6 Nxf6 20. Bf3 Qd6 21. Rae1 Rae8 22. Ne4 Nxe4 23. Bxe4 e5 24. Bd5+ Kh8 25. Qe2 g6 26. Bxc6 Qxc6 27. fxe5 Rxf1+ 28. Qxf1 Qe6 29. Qf3 b6 30. g4 Kg7 31. Qf6+ Kg8 32. Qxe6+ Rxe6 33. Kg2 g5 34. Kg3 Kf7 35. Rf1+ Ke7 36. Rf5 Rg6 37. Kf3 Rh6 38. Ke4 Rxh2 39. Kd5 Rh3 40. e6 Rxd3 41. Rf7+ Ke8 42. Kd6 Re3 43. Rxh7 Kf8 44. Rf7+ Ke8 45. Rxa7 Kf8 46. Rf7+ Ke8 47. Rh7 Kf8 48. e7+ Ke8 49. Rh8+ Kf7 50. Rf8+ 1-0

[Event "EU-ch 11th"]
[Site "Rijeka"]
[Date "2010.03.12"]
[Round "7"]
[White "Valkovic, Kristian"]
[Black "Dimitrijevic, Darko"]
[Result "1/2-1/2"]
[WhiteElo "2027"]
[BlackElo "2272"]
[PlyCount "30"]
[EventDate "2010.03.06"]
[EventType "swiss"]
[EventRounds "11"]
[EventCountry "CRO"]
[SourceTitle "CBM 136"]
[Source "ChessBase"]
[SourceDate "2010.05.18"]
[SourceVersion "1"]
[SourceVersionDate "2010.05.18"]
[SourceQuality "1"]

1. e4 c5 2. Nf3 Nf6 3. e5 Nd5 4. c4 Nc7 5. Nc3 e6 6. d4 cxd4 7. Nxd4 d6 8. exd6 Bxd6 9. Be2 0-0 10. 0-0 Nc6 11. Be3 Nxd4 12. Qxd4 e5 13. Qd2 Qe7 14. Rad1 Bc5 15. Bxc5 Qxc5 1/2-1/2

[Event "EU-ch 11th"]
[Site "Rijeka"]
[Date "2010.03.08"]
[Round "3"]
[White "Todorovic, Goran M"]
[Black "Dimitrijevic, Darko"]
[Result "1/2-1/2"]
[WhiteElo "2453"]
[BlackElo "2272"]
[PlyCount "93"]
[EventDate "2010.03.06"]
[EventType "swiss"]
[EventRounds "11"]
[EventCountry "CRO"]
[SourceTitle "CBM 136"]
[Source "ChessBase"]
[SourceDate "2010.05.18"]
[SourceVersion "1"]
[SourceVersionDate "2010.05.18"]
[SourceQuality "1"]

1. e4 c5 2. Nf3 e6 3. d4 cxd4 4. Nxd4 Nf6 5. Nc3 Bb4 6. e5 Nd5 7. Qg4 0-0 8. Bh6 g6 9. Bxf8 Qxf8 10. a3 Nxc3 11. axb4 Qxb4 12. Bd3 Nc6 13. 0-0 Nxd4 14. bxc3 Qxc3 15. Qg5 Nc6 16. Rfe1 Qc5 17. h4 Qe7 18. Qf4 h5 19. Re3 Kg7 20. Rg3 b6 21. Be4 Bb7 22. Rd1 Rd8 23. Rdd3 Na5 24. Rg5 Bxe4 25. Qxe4 Rh8 26. Rf3 Nc6 27. Rf4 b5 28. Rg3 b4 29. Rgf3 Rf8 30. Rf6 Qc5 31. Rg3 Nxe5 32. Rf4 a5 33. Qe2 Ng4 34. Rd3 d5 35. g3 Rc8 36. Rd2 Qc3 37. Kg2 a4 38. Rf3 Qe5 39. Qa6 Rc3 40. Re2 Qd4 41. Rxf7+ Kxf7 42. Qxe6+ Kg7 43. Qe7+ Kh6 44. Qg5+ Kg7 45. Qe7+ Kh6 46. Qg5+ Kg7 47. Qe7+ 1/2-1/2

[Event "Bosnjaci op 15th"]
[Site "Bosnjaci"]
[Date "2010.01.08"]
[Round "8"]
[White "Zovko, Mario"]
[Black "Dimitrijevic, Darko"]
[Result "1/2-1/2"]
[WhiteElo "2198"]
[BlackElo "2295"]
[PlyCount "29"]
[EventDate "2010.01.03"]
[EventType "swiss"]
[EventRounds "9"]
[EventCountry "CRO"]
[SourceTitle "CBM 134 Extra"]
[Source "ChessBase"]
[SourceDate "2010.03.03"]
[SourceVersion "1"]
[SourceVersionDate "2010.03.03"]
[SourceQuality "1"]

1. d4 d5 2. Nf3 Nf6 3. c4 c6 4. cxd5 cxd5 5. Nc3 g6 6. Bf4 Bg7 7. e3 0-0 8. Be2 Nc6 9. Ne5 Bf5 10. 0-0 Rc8 11. Rc1 Nxe5 12. Bxe5 Ne4 13. Bxg7 Nxc3 14. Rxc3 Kxg7 15. Qb3 1/2-1/2